Mitologia Grega - Statistics

Estatísticas Gerais
  • Esse quiz foi jogado 1 267 vezes
  • A pontuação média é 8 de 13
Estatísticas das Respostas
Pergunta Resposta % Correto
Deusa do amor, da beleza e da sexualidade, equivalente a deusa Vênus na mitologia romana. Afrodite
92%
Conhecido pelos seus 12 trabalhos, semideus, forte e sagaz. (Escrita latina). Hércules
86%
Criatura aprisionada no labirinto de Creta. Minotauro
84%
Equivalente a Zeus na mitologia romana. Júpiter
80%
Herói grego semideus responsável pela morte de Medusa. Perseu
78%
Condenado por Zeus a segurar os céus. Atlas
68%
Era extremamente belo e arrogante, não poderia jamais ver seu próprio reflexo. Narciso
67%
Filho de Dédalo, teve suas asas derretidas pelo sol. Ícaro
66%
Arquiteto e inventor, responsável pela criação do labirinto acima. Dédalo
58%
Morada dos doze deuses principais do Panteão grego. Monte Olimpo
57%
Tragédia grega: Rei que matou o seu próprio pai e casou-se com a sua própria mãe. Obra de Sófocles. Édipo Rei
22%
Usado por Teseu para não se perder no labirinto, sugerido por Ariadne. Novelo de lã.
13%
Comumente conhecido pelo tridente e o golfinho. Posídon
9%
Nenhum quiz correspondente encontrado
Distribuição das Pontuações
Porcentagem de Pessoas com Cada Pontuação
Percentil de Números Respondidos
Sua Pontuação Histórica
Você não jogou esse quiz